000 00248nam a2200109Ia 4500
008 190914s9999||||xx |||||||||||||| ||und||
100 _aRobinson Adam
245 0 _aCracking the GMAT
260 _aIndia
_bOxford
_c912
300 _a2005
942 _cBK
999 _c10052
_d10052